000
00221 a2200097 4500
001
18019
100
_a
Imam, S M A
245
_a
Reflection on our moral heritage
260
_a
_b
Beworth printers
_c
090
_c
13323
_d
13323
942
_a
NUST-CAE
_c
M
_c
3696
999
_c
253092
_d
253092